| 000 | 00790nam a22002177a 4500 | ||
|---|---|---|---|
| 999 |
_c19987 _d19987 |
||
| 003 | AR-CdUCM | ||
| 008 | 190524b ||||| |||| 00| 0 spa d | ||
| 040 |
_aMUNICIPALIDAD PROVINCIAL DEL CUSCO _cBIBLIOTECA MUNICIPAL DEL CUSCO |
||
| 082 |
_a345.7 / _bF16 |
||
| 100 |
_aFairén Guillén, Víctor _941814 |
||
| 245 | _aEstudios de derecho procesal / | ||
| 260 |
_aMadrid : _bRevista de derecho privado, _c1955. |
||
| 300 |
_a640 páginas ; _c23 cm. |
||
| 440 |
_aGrandes tratados generales de derecho privado y publico _941815 |
||
| 505 | _aContenido: El procedo en general -- El derecho de acudir a los tribunales -- Las partes... | ||
| 650 |
_aDerecho _9739 |
||
| 650 |
_aTribunales _94397 |
||
| 650 |
_aAntecedentes romanos _941816 |
||
| 942 |
_2ddc _cLIBROS |
||
| 945 |
_adavv _d2019-05-24 |
||